Architect's legal pocket book / (Record no. 10430)

000 -LEADER
fixed length control field 00956cam a2200217 i 4500
003 - CONTROL NUMBER IDENTIFIER
control field OSt
005 - DATE AND TIME OF LATEST TRANSACTION
control field 20220318180641.0
008 - FIXED-LENGTH DATA ELEMENTS--GENERAL INFORMATION
fixed length control field 190415s2020 enk b 001 0 eng
020 ## - INTERNATIONAL STANDARD BOOK NUMBER
International Standard Book Number 9781138506695
Qualifying information (pb : alk. paper)
042 ## - AUTHENTICATION CODE
Authentication code pcc
082 00 - DEWEY DECIMAL CLASSIFICATION NUMBER
Classification number 343.420
Edition number 23
Item number COU
100 1# - MAIN ENTRY--PERSONAL NAME
Personal name Cousins, Matthew,
Dates associated with a name 1975-
Relator term author.
245 10 - TITLE STATEMENT
Title Architect's legal pocket book /
Statement of responsibility, etc Matthew Cousins.
250 ## - EDITION STATEMENT
Edition statement Third edition.
300 ## - PHYSICAL DESCRIPTION
Extent xix, 394 pages ;
Dimensions 20 cm
504 ## - BIBLIOGRAPHY, ETC. NOTE
Bibliography, etc Includes bibliographical references (pages 373-379) and index.
505 0# - FORMATTED CONTENTS NOTE
Formatted contents note Legal framework -- Legislation -- Town and country planning -- Land law -- General principles of the law of tort -- General principles of contract law -- Types of construction contracts -- Contract administration -- Dispute resolution -- Design co-ordination : risk and liability further reading.
650 #0 - SUBJECT ADDED ENTRY--TOPICAL TERM
Topical term or geographic name as entry element Building laws
Geographic subdivision England.
650 #0 - SUBJECT ADDED ENTRY--TOPICAL TERM
Topical term or geographic name as entry element Architects
Geographic subdivision England
Form subdivision Handbooks, manuals, etc.
942 ## - ADDED ENTRY ELEMENTS (KOHA)
Source of classification or shelving scheme
Holdings
Withdrawn status Lost status Source of classification or shelving scheme Damaged status Koha normalized classification for sorting Not for loan Permanent location Current location Date acquired Source of acquisition Cost, normal purchase price Full call number Barcode Date last seen Cost, replacement price Price effective from Koha item type
        343_420786900000000   BMS College of Architecture, Design and Planning BMS College of Architecture, Design and Planning 2022-03-21 1 2173.38 343.4207869 AR-UG2437 2022-03-21 3104.83 2022-03-21 UG Books
Copyright © 2025, The Librarian, Library and Information Centre, BMSCA D&P, Bengaluru. All Rights Reserved
web counter

Powered by Koha